000 00276nam a2200109Ia 4500
008 230907s9999||||xx |||||||||||||| ||und||
082 _a696.028557
_bMCG
100 _aMcGowan, John J.,
_9115786
245 0 _aEnergy and analytics :
300 _axvii, 355 pages ;
942 _cBK
999 _c599549
_d599549